| 000 | 00360 a2200169 4500 | ||
|---|---|---|---|
| 001 | 182823 | ||
| 020 | _a85-209-0849-7 | ||
| 040 | _cMagnum | ||
| 100 | _aCunha, Leo | ||
| 240 | 1 | 0 |
_aNas páginas do tempo _lpor |
| 245 | 1 | 0 | _aNas páginas do tempo |
| 300 | _a58 | ||
| 362 | 0 | _a1977 | |
| 440 | 1 | _aNova Fronteira | |
| 697 | _aLITERATURA GERAL | ||
| 942 | _cBK | ||
| 999 |
_c182823 _d182823 |
||